000 00931nam a22002291i 4500
001 179655
003 ES-MaACL
005 20250730024619.0
008 111229s1926 sp |||| | spa d
100 1 _aMallart y Cutó, José.
_975793
245 1 0 _aEscuelas-asilos de artes y oficios para niños pobres, huérfanos y abandonados
_b: su organización práctica y útil /
_cpor José Mallat [sic] y Cutó.
260 _aMadrid :
_bSociedad Española de Higiene,
_c1926.
300 _a36 p. ;
_c22 cm.
490 1 _aLegado Roel: Colección de Memorias Premiadas ;
_v36
500 _aConcurso de 1925-1926.
650 0 4 _aNiños marginados-
_xEducación.
_915566
650 4 _aOrfanatos.
_9148908
710 2 _aSociedad Española de Higiene.
_96725
830 0 0 _aLegado Roel: Colección de memorias premiadas
_v36
_9183286
852 _aES-MaACL
_jC-8172(9)
_z.- Encuadernado con otras obras
999 _c179655
_d179655